000 00841fam a2200301 a 4500
005 20260322212015.0
008 data
010 _a 96005335
010 _a 2016449026
020 _a0684874350
020 _a9780684874357
020 _a9780684842677 (pbk.)
020 _a9780689864839 (ebook)
040 _aDLC
_cDLC
_dDLC
043 _an-us---
_an-us---
050 0 0 _aE184.I6
_b.M117 1996
099 _aMCCOU
100 1 _aMcCourt, Frank.
245 1 0 _aAngela's ashes :
_ba memoir /
_cFrank McCourt.
260 _aNew York :
_bScribner,
_cc1996.
300 _a363 p. :
_bill. ;
_c25 cm.
600 3 0 _aMcCourt family.
600 1 0 _aMcCourt, Frank
_xFamily.
650 0 _aIrish Americans
_vBiography.
650 0 _aIrish Americans
_zLimerick
_zLimerick
_vBiography.
651 0 _aLimerick (Limerick, Ireland)
_vBiography.
001 data
999 _c329
_d329